|
|
|
|
| LEADER |
00000cam a2200000 a 4500 |
| 001 |
vtls001444379 |
| 003 |
SK-MaSNL |
| 005 |
20260301081931.0 |
| 008 |
240226s2001 xo r 000 0 slo |
| 015 |
|
|
|a SNBI2003/01-00191
|
| 020 |
|
|
|a 8071200425
|q (brož.)
|
| 035 |
|
|
|a SNK000399605
|
| 035 |
|
|
|a urn:nbn:sk:snk-am3ipxi
|
| 035 |
|
|
|a E1E09EE1-C529-4467-BF70-053B748A0E01
|
| 035 |
|
|
|a urn:nbn:sk:snk-am00fbl9
|
| 040 |
|
|
|a SNK
|b slo
|c SNK
|e AACR2
|
| 041 |
0 |
|
|a slo
|
| 044 |
|
|
|a xo
|c SK
|
| 080 |
|
|
|a 348.07:284(437.6)(094.9)
|2 1997
|
| 080 |
|
|
|a 284
|2 1997
|
| 110 |
2 |
|
|a Apoštolská cirkev na Slovensku
|4 aut
|9 202041
|
| 245 |
1 |
0 |
|a Ústava Apoštolskej cirkvi na Slovensku
|
| 260 |
|
|
|a [Bratislava
|b Kresťanský život]
|c 2001
|
| 300 |
|
|
|a [30] s.
|c 21 cm
|
| 366 |
|
|
|e 2000 výtl.
|
| 610 |
2 |
7 |
|a Apoštolská cirkev na Slovensku
|2 SNKKA
|9 202041
|
| 655 |
|
7 |
|a ústavy
|2 SNKPH
|9 62775
|
| 919 |
|
|
|a 80-7120-042-5
|
| 958 |
|
|
|a TL
|
| 958 |
|
|
|a BQ
|
| 958 |
|
|
|a OND
|
| 999 |
|
|
|c 657209
|d 659139
|
| 952 |
|
|
|t P60, <03>, [BOOK], {603}
|a SNK
|b SNK
|y PREZ
|7 0
|p 17A0365136
|o snkSC 109963
|i snkKSP 14574/2002
|0 0
|1 0
|4 0
|d 2002-11-21
|f 1
|l 0
|r 2025-09-30 00:00:00
|w 2026-02-23
|
| 952 |
|
|
|t P60, <04>, [BOOK], {604}
|a SNK
|b SNK
|y VYP
|7 0
|p 17A0365137
|o snkSC 109963 D1
|i snkKSP 14575/2002
|0 0
|1 0
|4 0
|d 2002-11-21
|l 0
|r 2005-01-02 00:00:00
|w 2026-02-23
|